00970nam a2200289Ia 4500001000700000003000500007008004100012010001100053040000900064082001400073100013200087245006500219260008200284300001100366440000500377500000500382503000500387650008300392650004600475901001400521902000600535910000900541942000600550942000700556999001900563952009800582Z_4824CHAP220113s1994 xx 000 0 und d a167877 cCHAP a636.2 S45 aSeminario Internacional del Centro de Ganadería del Colegio de Postgraduados (15 : 1994 : Montecillo, Edo. de Méx.)9142134 aAmbiente - producción animal /cpor Centro de Ganadería aMontecillo, Méx. :bColegio de Postgraduados. Centro de Ganadería,c1994 a126 p. a a a aGanadoxAlojamiento I. Colegio de Postgraduados. Centro de Ganadería9142135 aGanadoxEfecto del medio ambiente 944907 a636.2 S45 aA a1994 c1 cc1 c167877d167877 00102ddc40708GRALaZbZc3d2005-11-09pz_4619r2022-01-18 00:00:00t1w2022-01-18yLIBRO